| 000 | 00513 a2200181 4500 | ||
|---|---|---|---|
| 003 | OSt | ||
| 005 | 20240127105841.0 | ||
| 008 | 240127b |||||||| |||| 00| 0 eng d | ||
| 020 | _a9789390073115 | ||
| 040 | _coclc | ||
| 082 |
_a297.64 _bPAR/M |
||
| 100 |
_aParannur, Muhammed _910319 |
||
| 245 |
_aManikya Malar Beevi Khadeeja / _cMuhammed Parannur |
||
| 250 | _a2nd ed. | ||
| 260 |
_aCalicut: _bIPB Books, _c2021. |
||
| 300 | _a170p. | ||
| 942 |
_2ddc _cBK _h297.64 _iPAR/M _k297.64 _mPAR/M |
||
| 999 |
_c43324 _d43324 |
||